000 00836nam a2200193 4500
005 20260418135806.0
008 201211b ||||| |||| 00| 0 eng d
022 _a10422587
082 _aDPer 658.405 En86 2012 January-May 2012 v. 36 n. 1-3
100 _aHayton, James C.
_942649
245 _aThe role of affect in the creation and intentional pursuit of entrepreneurial ideas /
_b
_cJames C. Hayton and Magdalena Cholakova.
260 _aHoboken :
_bWiley Subscription Services, Inc. ,
_cJanuary 2012.
300 _aVolume 36 pages 41-68 :
_billustrations ;
_c25 cm.
500 _aEntrepreneurship Theory and Practice, vol. 36, no. 1, pages 41-68, January 2012.
650 _aEntrepreneurship.
_xIdeas.
_942645
700 _aHayton, James C.
_eauthor.
_970024
700 _aCholakova, Magdalena.
_eauthor.
_970025
942 _2ddc
_cPER
999 _c15810
_d15810